| 000 | 01271nab a22004217a 4500 | ||
|---|---|---|---|
| 003 | AR-RoUNA | ||
| 005 | 20260408062818.0 | ||
| 008 | 170315b xxub|||| |||| 00| 0 spa d | ||
| 022 | _a18523897 | ||
| 040 |
_aAR-RoUNA _bspa |
||
| 041 | _aspa | ||
| 044 | _aag | ||
| 245 | _aBio | ||
| 300 |
_a[s.n] : _bfot. byn. _bplantas _c28x19 cm |
||
| 505 | 0 | _aNueva sede Central Banco Municipal de Rosario | |
| 600 |
_aCapelli, Roberto _99277 |
||
| 600 |
_aCrivos, Eduardo _99278 |
||
| 600 |
_aFisch, Sara R. _96895 |
||
| 600 |
_aGarcia, Jorge _99279 |
||
| 600 |
_aIglesias, Ariel O. _99280 |
||
| 600 |
_aLopez, Isabel _99281 |
||
| 600 |
_aPronsato, Graciela _99282 |
||
| 600 |
_aSessa, Emilio R. _99283 |
||
| 600 |
_aSturlesse, Orlando _99284 |
||
| 600 |
_aBelardinelli, Evelina _99285 |
||
| 600 |
_aSessa, Horacio _99286 |
||
| 600 |
_aBie, Graciela _99287 |
||
| 600 |
_aPrieto, Jorge _99288 |
||
| 650 |
_aBancos _91108 |
||
| 651 | 0 |
_aRosario (Santa Fe, Argentina) _91246 |
|
| 653 | _aBanco municipal de Rosario | ||
| 773 | 0 |
_aBio : Boletin informativo de obras _dRosario, Bio 1979 _gnÂș 20 (jun. 1979), p.[s.n] _x18523897 |
|
| 856 | _uwww.revistabioonline.com.ar | ||
| 908 | _aImp | ||
| 942 |
_2udc _cART |
||
| 945 |
_aGOG _d2017-10-18 |
||
| 980 |
_8 _gCRON CRON |
||
| 999 |
_c7861 _d7861 |
||